Children, adolescents, and the media / (Record no. 3242)
[ view plain ]
| 000 -LEADER | |
|---|---|
| fixed length control field | 01573cam a22003374a 4500 |
| 001 - CONTROL NUMBER | |
| control field | 15088820 |
| 003 - CONTROL NUMBER IDENTIFIER | |
| control field | GZU |
| 005 - DATE AND TIME OF LATEST TRANSACTION | |
| control field | 20201123151136.0 |
| 008 - FIXED-LENGTH DATA ELEMENTS--GENERAL INFORMATION | |
| fixed length control field | 071120s2009 caua b 001 0 eng |
| 010 ## - LIBRARY OF CONGRESS CONTROL NUMBER | |
| LC control number | 2007047618 |
| 020 ## - INTERNATIONAL STANDARD BOOK NUMBER | |
| International Standard Book Number | 9781412944670 (pbk.) |
| 040 ## - CATALOGING SOURCE | |
| Original cataloging agency | DLC |
| Transcribing agency | DLC |
| Modifying agency | DLC |
| 043 ## - GEOGRAPHIC AREA CODE | |
| Geographic area code | n-us--- |
| 050 00 - LIBRARY OF CONGRESS CALL NUMBER | |
| Classification number | HQ784 |
| Item number | STR 2009 |
| 082 00 - DEWEY DECIMAL CLASSIFICATION NUMBER | |
| Classification number | 302.23083/0973 |
| Edition number | 22 |
| 100 1# - MAIN ENTRY--PERSONAL NAME | |
| Personal name | Strasburger, Victor C., |
| Dates associated with a name | 1949- |
| 245 10 - TITLE STATEMENT | |
| Title | Children, adolescents, and the media / |
| Statement of responsibility, etc. | Victor C. Strasburger, Barbara J. Wilson, Amy B. Jordan. |
| 250 ## - EDITION STATEMENT | |
| Edition statement | 2nd ed. |
| 260 ## - PUBLICATION, DISTRIBUTION, ETC. | |
| Place of publication, distribution, etc. | Los Angeles : |
| Name of publisher, distributor, etc. | Sage , |
| Date of publication, distribution, etc. | c2009. |
| 300 ## - PHYSICAL DESCRIPTION | |
| Extent | xviii, 615 p. : |
| Other physical details | ill. ; |
| Dimensions | 26 cm. |
| 504 ## - BIBLIOGRAPHY, ETC. NOTE | |
| Bibliography, etc. note | Includes bibliographical references and indexes. |
| 505 0# - FORMATTED CONTENTS NOTE | |
| Formatted contents note | Children and adolescents : unique audiences -- Advertising -- Educational media -- Prosocial effects of media -- Media violence -- Sexuality and the media -- Drugs and the media -- Rock music and music videos -- Eating and eating disorders -- Video games --The Internet -- The family and media -- Media literacy/media education : solution to big media? |
| 650 #0 - SUBJECT ADDED ENTRY--TOPICAL TERM | |
| Topical term or geographic name entry element | Mass media and children |
| Geographic subdivision | United States. |
| 650 #0 - SUBJECT ADDED ENTRY--TOPICAL TERM | |
| Topical term or geographic name entry element | Mass media and teenagers |
| Geographic subdivision | United States. |
| 700 1# - ADDED ENTRY--PERSONAL NAME | |
| Personal name | Wilson, Barbara J. |
| 700 1# - ADDED ENTRY--PERSONAL NAME | |
| Personal name | Jordan, Amy B. |
| Fuller form of name | (Amy Beth) |
| 856 41 - ELECTRONIC LOCATION AND ACCESS | |
| Materials specified | Table of contents only |
| Uniform Resource Identifier | <a href="http://www.loc.gov/catdir/toc/ecip085/2007047618.html">http://www.loc.gov/catdir/toc/ecip085/2007047618.html</a> |
| 906 ## - LOCAL DATA ELEMENT F, LDF (RLIN) | |
| a | 7 |
| b | cbc |
| c | orignew |
| d | 1 |
| e | ecip |
| f | 20 |
| g | y-gencatlg |
| 942 ## - ADDED ENTRY ELEMENTS (KOHA) | |
| Source of classification or shelving scheme | Library of Congress Classification |
| Koha item type | Books |
| Edition | 2nd |
| Classification part | 784 |
| Item part | STR |
| Call number prefix | HQ |
| Withdrawn status | Lost status | Damaged status | Not for loan | Collection code | Home library | Current library | Shelving location | Date acquired | Inventory number | Total Checkouts | Total Renewals | Full call number | Barcode | Date last seen | Date last checked out | Copy number | Price effective from | Koha item type | Source of acquisition |
|---|---|---|---|---|---|---|---|---|---|---|---|---|---|---|---|---|---|---|---|
| Non-fiction | City Campus Library | City Campus Library | General Stacks | 11/23/2020 | 20198 | 1 | 3 | HQ 784 STR 2009 | 001894 | 05/06/2025 | 03/18/2025 | c.1 | 11/23/2020 | Books | |||||
| Non-fiction | City Campus Library | City Campus Library | General Stacks | 11/23/2020 | 20199 | HQ 784 STR 2009 | 001897 | 11/23/2020 | c.2 | 11/23/2020 | Books | ||||||||
| Non-fiction | City Campus Library | City Campus Library | General Stacks | 11/23/2020 | 20200 | HQ 784 STR 2009 | 001898 | 11/23/2020 | c.3 | 11/23/2020 | Books | ||||||||
| Non-fiction | City Campus Library | City Campus Library | General Stacks | 11/23/2020 | 20197 | HQ 784 STR 2009 | 001895 | 11/23/2020 | c.4 | 11/23/2020 | Books | ||||||||
| Non-fiction | City Campus Library | City Campus Library | General Stacks | 11/23/2020 | 20201 | HQ 784 STR 2009 | 001899 | 11/23/2020 | c.5 | 11/23/2020 | Books | ||||||||
| Non-fiction | Mashava Campus Library | Mashava Campus Library | General Stacks | 05/11/2021 | 001896 | HQ784 STR 2009 | 001896 | 05/11/2021 | C.6 | 05/11/2021 | Books | Book Aid international | |||||||
| Non-fiction | Mashava Campus Library | Mashava Campus Library | General Stacks | 05/11/2021 | 001900 | HQ784 STR 2009 | 001900 | 05/11/2021 | C.7 | 05/11/2021 | Books | Book Aid lnternational | |||||||
| Non-fiction | Mashava Campus Library | Mashava Campus Library | General Stacks | 05/11/2021 | 20202 | HQ784 STR 2009 | 001893 | 05/11/2021 | C.8 | 05/11/2021 | Books | Book Aid lnternational |